Memoria leída en la Academia Médico-Quirúrgica Española en la sesión inaugural del año académico de 1882-1883 / (Record no. 102839)

MARC details
000 -LEADER
campo de control de longitud fija 00808nam a22002175i 4500
001 - NÚMERO DE CONTROL
campo de control 102839
003 - IDENTIFICADOR DE NÚMERO DE CONTROL
campo de control ES-MaACL
005 - FECHA Y HORA DE LA ÚLTIMA TRANSACCIÓN
campo de control 20230906183210.0
007 - CAMPO FIJO DE DESCRIPCIÓN FÍSICA--INFORMACIÓN GENERAL
campo de control de longitud fija t|
008 - DATOS DE LONGITUD FIJA--INFORMACIÓN GENERAL
campo de control de longitud fija 950926s1882 sp ||||1| spa d
040 ## - FUENTE DE CATALOGACIÓN
Centro catalogador/agencia de origen CAM
Lengua de catalogación spa
Centro/agencia transcriptor CAM
110 2# - ENTRADA PRINCIPAL--NOMBRE DE ENTIDAD CORPORATIVA
Nombre de entidad corporativa o nombre de jurisdicción como elemento de entrada Academia Médico-Quirúrgica Española.
9 (RLIN) 1209
245 10 - MENCIÓN DEL TÍTULO
Título Memoria leída en la Academia Médico-Quirúrgica Española en la sesión inaugural del año académico de 1882-1883 /
Mención de responsabilidad, etc. por ... Antonio Espina y Capo.
260 ## - PUBLICACIÓN, DISTRIBUCIÓN, ETC.
Lugar de publicación, distribución, etc. Madrid :
Nombre del editor, distribuidor, etc. [s.n.],
Fecha de publicación, distribución, etc. 1882 (
Fabricante Impr. de Enrique Teodoro)
300 ## - DESCRIPCIÓN FÍSICA
Extensión 29, [1] p. ;
Dimensiones 24 cm.
610 24 - PUNTO DE ACCESO ADICIONAL DE MATERIA--NOMBRE DE ENTIDAD CORPORATIVA
Nombre de entidad corporativa o nombre de jurisdicción como elemento de entrada Academia Médico-Quirúrgica Española-
Subdivisión de forma Memorias.
9 (RLIN) 157461
700 1# - ENTRADA AGREGADA--NOMBRE PERSONAL
Nombre de persona Espina y Capo, Antonio,
Fechas asociadas al nombre 1850-1930
9 (RLIN) 47840
852 ## - LOCALIZACIÓN
Ubicación ES-MaACL
Número de control de estantería T-381-F-17
852 ## - LOCALIZACIÓN
Ubicación ES-MaACL
Número de control de estantería T-377-F-11
Holdings
Estatus retirado Estado de pérdida Estado de daño No para préstamo Colección Biblioteca de origen Biblioteca actual Ubicación en estantería Fecha de adquisición Fuente de adquisición Total de préstamos Signatura topográfica completa Código de barras Visto por última vez Precio de reemplazo Tipo de ítem Koha
        Colección de folletos Biblioteca del Ateneo de Madrid Biblioteca del Ateneo de Madrid Depósito folletos 12/01/2010     T-377-F-11 1182309 23/02/2023 23/02/2023 Folleto
        Colección de folletos Biblioteca del Ateneo de Madrid Biblioteca del Ateneo de Madrid Depósito folletos 17/01/2008     T-381-F-17 1107362 23/02/2023 23/02/2023 Folleto